00539nam a2200157Ia 450000500170000000800410001708200130005810000220007124501020009326000340019530000180022965000180024794200060026595200950027199900150036620241008050528.0240331s9999 xx 000 0 und d bGOOa820 aGoonetileke,H.A.I 0aImages of Sri Lanka through American Eyes :bTravellers in Ceylon in the 19th and 20th Centuries  aColombobPeabody Museumc1789 axxx, 411 p ., aShort Stories cL 001040708LaWERCLbWERCLcSSCd2024-03-31l0o 820 GOOp6716r2024-03-31w2024-03-31yL c5766d5766